Random City To Country #2 - Statistics

General Stats
  • This quiz has been taken 34 times
  • The average score is 4 of 10
Answer Stats
City Country % Correct
Manaus Brazil
82%
Nuuk Denmark
82%
Montego Bay Jamaica
82%
Brno Czech Republic
71%
Tartu Estonia
35%
Al Mukalla Yemen
12%
Yulara Australia
6%
Gebele Azerbaijan
6%
Tarapoto Peru
6%
Port-Gentil Gabon
0%
No matching quizzes found
Score Distribution
Percent of People with Each Score
Percentile by Number Answered
Your Score History
You have not taken this quiz